00238nam a22000977a 4500999001900000082002000019100003000039245002500069260003700094300000900131 c519974d519974 aTNC A6x5444 D28 aDeshpandy, Anirudh931367 aThe stigma of defeat aNew DelhibNehru Memorial Museum a44p.